00481 a2200169 450000100060000002000150000604000220002110000240004324000440006724500390011130000080015036200090015865000110016794200070017895201090018599900170029459086 a8535704434 cAnchieta - Pituba aLibby, Douglas Cole10aA economia do império brasileirolpor10aA economia do império brasileiro a1120 a2004 4aBrasil cBK 00104070a91.1b91.1d2023-11-21l0o981 G726e GRA ECOp10032/PITr2023-11-21 18:27:00w2023-11-21yBK c59086d59086